000
00263 a2200097 4500
001
59625
100
_a
245
_a
War for Wealth; True story of globalization, or why the flat world is broken
260
_a
New Delhi
_b
Mc Graw Hill
_c
2008
090
_c
36498
_d
36498
942
_a
NUST-CAE
_c
_c
29444
999
_c
294698
_d
294698